| 000 | 00825nam a2200229 a 4500 | ||
|---|---|---|---|
| 001 | 19998 | ||
| 003 | CO-ViMGA | ||
| 008 | 141112s2004 ck r 000 u spa d | ||
| 020 | _a9588101123 | ||
| 040 |
_aCO-ViMGA _bspa _cCO-ViMGA |
||
| 082 | 0 | 4 | _a302.23 M856a |
| 100 | 1 |
_aMuñoz, Cecilia; Esguerra, Leonor _929031 |
|
| 245 | 1 | 0 |
_aAlgarabias de paz y guerra : _bla construccion de la información en los medios |
| 260 |
_aBogotá : _bMinisterio de comunicaciones, _cCEREC, _c2002 |
||
| 300 | _a266 p. | ||
| 490 | _aHistoria contemporanea y realidad nacional; 43 | ||
| 590 | _aForma de adquisición : Premio Mincultura | ||
| 650 | 1 | 4 |
_aCONFLICTO ARMADO - COLOMBIA _92049 |
| 650 | 1 | 4 |
_aPERIODISMO - ASPECTOS SOCIALES - COLOMBIA _929032 |
| 650 | 1 | 4 |
_aVIOLENCIA EN LOS MEDIOS DE COMUNICACION - MEXICO _929033 |
| 942 |
_2ddc _cBK |
||
| 999 |
_c29117 _d29117 |
||